000 00684nam a2200205Ia 4500
999 _c58928
_d58928
003 GCL
005 20240530110139.0
008 140319s9999 xx 000 0 ara d
040 _aGCL /
_cGCL
082 0 4 _a301.01
_bق ق
100 1 _aقبارى محمد اسماعيل
245 1 0 _aقضايا علم الاجتماع المعاصر: دراسة تحليلة نقدية /
_cقبارى محمد اسماعيل
260 _a[S.N] :
_bمنشاة المعارف الاسلامية
300 _a512
650 0 4 _aالمجتمع
650 0 4 _aالاجتماع
650 0 4 _aالدراسات الاجتماعية
650 0 4 _aالنظم الاجتماعية
942 _2ddc
_cBK